[Event "IV Weekend Magistrale"]
[Site "Vicenza ITA"]
[Date "2000.10.07"]
[Round "4"]
[White "Renier, Renzo"]
[Black "Tomba, Ivan"]
[WhiteElo "1929"]
[BlackElo "2022"]
[Result "1-0"]
[PlyCount "127"]
[EventDate "2000.09.30"]

1. e4 c5 2. Nf3 d6 3. d4 cxd4 4. Nxd4 Nf6 5. Nc3 a6 6. Be2 e6 7. Be3 Be7 8. O-O
O-O 9. f4 Nc6 10. Bf3 Qc7 11. Qd2 Bd7 12. Rad1 Rfc8 13. Kh1 Na5 14. Qf2 Nc4 15.
Bc1 Rab8 16. Rd3 b5 17. Rfd1 b4 18. Nce2 Qa5 19. b3 Nb6 20. a3 bxa3 21. Bd2 Qc5
22. Rc3 Nc4 23. Rxc4 Qa7 24. Rxc8+ Rxc8 25. Be3 Qc7 26. c4 Qa5 27. Qe1 Qd8 28.
Qd2 Qc7 29. Nc2 Bc6 30. Nc3 Qb7 31. Qd3 Qxb3 32. Rb1 Bxe4 33. Bxe4 Qxc4 34. Rb8
Qxc3 35. Qxc3 Rxb8 36. Bb7 a2 37. Qc7 Re8 38. Bc6 Nd5 39. Bxd5 exd5 40. g3 Bf6
41. Qb6 a1=Q+ 42. Nxa1 Bxa1 43. Qxa6 d4 44. Bd2 Bc3 45. Qc6 Rd8 46. Bc1 g6 47.
Ba3 d5 48. Bd6 d3 49. Qc7 Ba5 50. Qxa5 Rxd6 51. Qa3 Rd8 52. Qxd3 d4 53. Kg2 Kg7
54. Kf3 Kg8 55. Ke2 Kg7 56. Kd2 Kg8 57. Qc4 d3 58. Qc7 Rd5 59. g4 Kg7 60. h4 h5
61. Qc6 Rd8 62. Qc3+ Kh7 63. gxh5 gxh5 64. Qf6 1-0

[Event "IV Weekend Magistrale"]
[Site "Vicenza ITA"]
[Date "2000.10.08"]
[Round "5"]
[White "Carli, Carlo"]
[Black "Luciani, Valerio"]
[WhiteElo "2117"]
[BlackElo "2122"]
[Result "1/2-1/2"]
[PlyCount "118"]
[EventDate "2000.09.30"]

1. e4 d6 2. d4 Nf6 3. Nc3 c6 4. a4 g6 5. Nf3 Bg7 6. h3 O-O 7. Be2 Qc7 8. Bf4
Nh5 9. Be3 e5 10. Qd2 Re8 11. Bh6 Nd7 12. Bxg7 Kxg7 13. g3 Nf8 14. Nh2 Nf6 15.
Ng4 Qe7 16. d5 Bxg4 17. hxg4 cxd5 18. Qh6+ Kg8 19. g5 Nxe4 20. Nxd5 Qd8 21.
O-O-O Nxg5 22. Rh4 a6 23. f4 Ne4 24. f5 gxf5 25. Rxe4 Re6 26. Qh1 fxe4 27. Qxe4
Qg5+ 28. Kb1 Rae8 29. Bg4 Rd8 30. Bxe6 fxe6 31. Nc3 d5 32. Qb4 Rd7 33. Rf1 Qe7
34. Qg4+ Ng6 35. Nd1 Rd8 36. Ne3 Rf8 37. Rh1 Rf6 38. Qh5 Qf7 39. Ka2 Nf8 40.
Qxe5 Qg7 41. Qb8 Rf3 42. Nf1 Qd7 43. Nd2 Rf7 44. Rh4 Qc7 45. Rg4+ Kh8 46. Qe8
Qe7 47. Qxe7 Rxe7 48. c4 Ng6 49. cxd5 exd5 50. Rd4 Rd7 51. Nb3 b6 52. a5 bxa5
53. Nxa5 Ne7 54. Ka3 Nf5 55. Rd3 Kg7 56. Kb4 d4 57. Kc5 Rc7+ 58. Kb6 Re7 59. g4
Re6+ 1/2-1/2

[Event "IV Weekend Magistrale"]
[Site "Vicenza ITA"]
[Date "2000.10.08"]
[Round "5"]
[White "Caruso, Augusto"]
[Black "Navarro, Emanuele"]
[WhiteElo "2286"]
[BlackElo "1879"]
[Result "1-0"]
[PlyCount "107"]
[EventDate "2000.09.30"]

1. e4 d6 2. d4 Nf6 3. Nc3 g6 4. f4 Bg7 5. Nf3 c5 6. d5 O-O 7. Bd3 e6 8. dxe6
fxe6 9. O-O Nc6 10. Kh1 Nd4 11. e5 Nh5 12. Ng5 dxe5 13. Nxh7 Qh4 14. Nxf8 Ng3+
15. Kg1 Nxf1 16. Qxf1 Bxf8 17. fxe5 Nf5 18. Qf2 Qxf2+ 19. Kxf2 Bg7 20. Bf4 g5
21. Bxg5 Bxe5 22. g3 Bd7 23. Be4 Rf8 24. Kg2 Nd6 25. Bf3 Rf5 26. h4 b5 27. Rd1
Rf7 28. Ne2 Nf5 29. c3 Rg7 30. Rd2 b4 31. g4 Nd6 32. cxb4 cxb4 33. b3 Nb5 34.
Bf4 Ba1 35. g5 e5 36. Be3 Nc3 37. Ng3 Be6 38. Rd8+ Kh7 39. Ne4 Nd5 40. Rxd5
Bxd5 41. Nf6+ Kh8 42. Nxd5 Rb7 43. h5 Bd4 44. Bd2 a5 45. h6 e4 46. Bxe4 Rf7 47.
Bf4 Rf8 48. g6 Re8 49. Kf3 Rc8 50. Bg5 Rf8+ 51. Kg3 Rf1 52. Nf6 Bxf6 53. Bxf6+
Rxf6 54. g7+ 1-0

[Event "IV Weekend Magistrale"]
[Site "Vicenza ITA"]
[Date "2000.10.08"]
[Round "5"]
[White "Casadei, Mauro"]
[Black "Guerra, Alessandro"]
[WhiteElo "2137"]
[BlackElo "2181"]
[Result "0-1"]
[PlyCount "82"]
[EventDate "2000.09.30"]

1. d4 Nc6 2. d5 Ne5 3. f4 Ng6 4. e4 e5 5. dxe6 fxe6 6. Nf3 d5 7. e5 Bc5 8. Nc3
N8e7 9. Bd3 O-O 10. g3 Bd7 11. Ne2 Bb6 12. c3 c5 13. Bc2 Bc6 14. O-O d4 15. c4
Qd7 16. Qd3 Rad8 17. Bd2 Bc7 18. a4 b6 19. b4 Ba8 20. b5 Bxf3 21. Rxf3 Bxe5 22.
Raf1 Bb8 23. Qe4 Nc8 24. h4 Nd6 25. Qd3 Rf7 26. h5 Nf8 27. g4 Re8 28. Ng3 Qb7
29. Qe2 Qe7 30. Qd3 Qb7 31. g5 e5 32. fxe5 Rxe5 33. Rxf7 Nxf7 34. Bf4 Re8 35.
Ne4 Bxf4 36. Rxf4 Ne5 37. Qf1 Ne6 38. Nd6 Qe7 39. Nxe8 Qxg5+ 40. Qg2 Qxg2+ 41.
Kxg2 Nxf4+ 0-1

[Event "IV Weekend Magistrale"]
[Site "Vicenza ITA"]
[Date "2000.10.08"]
[Round "5"]
[White "Danieli, Enrico"]
[Black "Renier, Renzo"]
[WhiteElo "2096"]
[BlackElo "1929"]
[Result "1-0"]
[PlyCount "53"]
[EventDate "2000.09.30"]

1. Nf3 c5 2. e3 d5 3. d4 e6 4. Bd3 Nf6 5. O-O Bd6 6. b3 O-O 7. Bb2 Nc6 8. Nbd2
b6 9. c4 Ba6 10. Rc1 Rc8 11. Re1 cxd4 12. exd4 Bf4 13. cxd5 Bxd3 14. dxc6 Qd5
15. Ne5 Ne4 16. Nxe4 Bxc1 17. Nxd3 Bxb2 18. Nxb2 Rxc6 19. Nc4 f6 20. Nc3 Qd7
21. d5 exd5 22. Qxd5+ Qxd5 23. Nxd5 Kf7 24. Re7+ Kg8 25. h4 b5 26. Nce3 Rf7 27.
Re8+ 1-0

[Event "IV Weekend Magistrale"]
[Site "Vicenza ITA"]
[Date "2000.10.08"]
[Round "5"]
[White "Del Monaco, Andrea"]
[Black "Faccia, Sergio"]
[WhiteElo "2077"]
[BlackElo "2043"]
[Result "1-0"]
[PlyCount "73"]
[EventDate "2000.09.30"]

1. e4 e5 2. Nf3 Nc6 3. Bb5 a6 4. Ba4 Nf6 5. O-O Be7 6. Re1 b5 7. Bb3 O-O 8. c3
d5 9. exd5 Nxd5 10. Nxe5 Nxe5 11. Rxe5 Nf6 12. d4 Bd6 13. Re1 Ng4 14. h3 Qh4
15. Qf3 Nxf2 16. Re2 Ng4 17. Nd2 Nf6 18. Ne4 Nxe4 19. Rxe4 Qd8 20. Qh5 Qf6 21.
Bd5 Rb8 22. Bg5 Qg6 23. Qxg6 hxg6 24. Be7 Bxe7 25. Rxe7 Bb7 26. Bb3 Rbc8 27.
Rf1 Ba8 28. Rf4 c5 29. Bxf7+ Rxf7 30. Rfxf7 cxd4 31. cxd4 Rc1+ 32. Rf1 Rc8 33.
Rf2 Bd5 34. a3 Rc4 35. Rf4 Rc1+ 36. Kh2 Rc2 37. Re8+ 1-0

[Event "IV Weekend Magistrale"]
[Site "Vicenza ITA"]
[Date "2000.10.08"]
[Round "5"]
[White "Oppici, Gabriele"]
[Black "Molina, Fabrizio"]
[WhiteElo "2040"]
[BlackElo "2313"]
[Result "0-1"]
[PlyCount "62"]
[EventDate "2000.09.30"]

1. Nc3 c5 2. Nf3 Nc6 3. d4 cxd4 4. Nxd4 g6 5. Be3 Bg7 6. Nxc6 bxc6 7. Bd4 Nf6
8. g3 O-O 9. Bg2 Qc7 10. O-O Rb8 11. Rb1 Ba6 12. Re1 Rfd8 13. Ne4 e5 14. Nxf6+
Bxf6 15. Bc3 d5 16. Qd2 Qd6 17. Ba5 Rd7 18. b3 Bg7 19. e3 f5 20. Red1 Qc5 21.
Qc3 Rb5 22. Qd2 Qa3 23. b4 Rb8 24. Rb3 Qxa2 25. Qc3 Bc4 26. Ra3 e4 27. Rxa2
Bxc3 28. Ra3 Bxb4 29. Bxb4 Rxb4 30. Rda1 Rb2 31. Rxa7 Rxa7 0-1

[Event "IV Weekend Magistrale"]
[Site "Vicenza ITA"]
[Date "2000.10.08"]
[Round "5"]
[White "Vancini, Edoardo"]
[Black "Malfagia, Andrea"]
[WhiteElo "2301"]
[BlackElo "2244"]
[Result "1-0"]
[PlyCount "76"]
[EventDate "2000.09.30"]

1. e4 e6 2. d4 d5 3. Nd2 Nf6 4. e5 Nfd7 5. c3 c5 6. Bd3 Nc6 7. Ne2 cxd4 8. cxd4
f6 9. exf6 Qxf6 10. Nf3 h6 11. O-O Bd6 12. Bc2 O-O 13. Qd3 Rd8 14. Ng3 Nf8 15.
Bd2 Bd7 16. Bc3 Be8 17. Ba4 Bg6 18. Qe2 Nd7 19. Rfe1 Re8 20. Bxc6 bxc6 21. Qa6
Rec8 22. Rad1 Bf7 23. Ne5 Bxe5 24. dxe5 Qe7 25. b4 c5 26. Nf5 exf5 27. e6 Nb6
28. exf7+ Qxf7 29. bxc5 Rxc5 30. Qd3 Rac8 31. Bd4 Rc2 32. h3 f4 33. Re5 Rc1 34.
Rxc1 Rxc1+ 35. Kh2 Nc4 36. Rf5 Qc7 37. Rxd5 f3+ 38. g3 Nd6 1-0

[Event "IV Weekend Magistrale"]
[Site "Vicenza ITA"]
[Date "2000.10.08"]
[Round "5"]
[White "Vianello, Enrico"]
[Black "Tomba, Ivan"]
[WhiteElo "1915"]
[BlackElo "2022"]
[Result "1-0"]
[PlyCount "51"]
[EventDate "2000.09.30"]

1. d4 Nf6 2. Bg5 Ne4 3. Bf4 c5 4. f3 Qa5+ 5. c3 Nf6 6. Nd2 cxd4 7. Nb3 Qf5 8.
Bxb8 Rxb8 9. Qxd4 b6 10. e4 Qf4 11. Nh3 Qc7 12. e5 Ng8 13. O-O-O e6 14. Ng5 Ne7
15. f4 Nf5 16. Qd2 Bb7 17. Bd3 g6 18. Ne4 Be7 19. g4 Nh6 20. Rhg1 Ng8 21. Rde1
Bd5 22. Kb1 b5 23. Qe2 a5 24. Nd6+ Bxd6 25. exd6 Qb6 26. Qe5 1-0

[Event "IV Weekend Magistrale"]
[Site "Vicenza ITA"]
[Date "2000.10.08"]
[Round "6"]
[White "Faccia, Sergio"]
[Black "Casadei, Mauro"]
[WhiteElo "2043"]
[BlackElo "2137"]
[Result "1-0"]
[PlyCount "49"]
[EventDate "2000.09.30"]

1. e4 e6 2. c4 d5 3. cxd5 exd5 4. d4 dxe4 5. Bc4 Nf6 6. Qb3 Qe7 7. Nc3 Nc6 8.
Nge2 b6 9. Bb5 Bd7 10. Bg5 Qb4 11. Qc2 O-O-O 12. Bxf6 gxf6 13. O-O f5 14. Rac1
Bh6 15. d5 Bxc1 16. dxc6 Be6 17. Rxc1 Kb8 18. Ba6 Rd6 19. Nf4 Rxc6 20. Nxe6
fxe6 21. Bb5 Rd6 22. Nxe4 fxe4 23. Qxc7+ Ka8 24. Ba6 Rb8 25. Qxb8+ 1-0

[Event "IV Weekend Magistrale"]
[Site "Vicenza ITA"]
[Date "2000.10.08"]
[Round "6"]
[White "Guerra, Alessandro"]
[Black "Caruso, Augusto"]
[WhiteElo "2181"]
[BlackElo "2286"]
[Result "1-0"]
[PlyCount "50"]
[EventDate "2000.09.30"]

1. d4 e6 2. c4 f5 3. h3 Bb4+ 4. Bd2 Qe7 5. Qb3 Nc6 6. Nf3 a5 7. Nc3 Nf6 8. e3
b6 9. Nb5 Bxd2+ 10. Nxd2 d6 11. Be2 O-O 12. Bf3 Bb7 13. Rc1 Nd8 14. c5 bxc5 15.
dxc5 d5 16. Nd4 Ne4 17. Nxe4 fxe4 18. Be2 c6 19. Qb6 a4 20. O-O e5 21. Nc2 Nf7
22. Nb4 Rac8 23. b3 a3 24. Rfd1 Qd8 25. Bg4 Rc7 1-0

[Event "IV Weekend Magistrale"]
[Site "Vicenza ITA"]
[Date "2000.10.08"]
[Round "6"]
[White "Luciani, Valerio"]
[Black "Del Monaco, Andrea"]
[WhiteElo "2122"]
[BlackElo "2077"]
[Result "0-1"]
[PlyCount "52"]
[EventDate "2000.09.30"]

1. c4 d6 2. Nc3 g6 3. g3 Bg7 4. Bg2 e5 5. Nf3 Ne7 6. O-O O-O 7. d3 Nd7 8. Rb1
f5 9. Qc2 Nf6 10. Nd2 c6 11. b4 Be6 12. b5 Qd7 13. Ba3 c5 14. e4 f4 15. Nf3 h6
16. gxf4 Nh5 17. fxe5 Nf4 18. Ne1 Bxe5 19. Ne2 Nh3+ 20. Bxh3 Bxh3 21. Ng2 Rf3
22. Ng3 Raf8 23. Bb2 h5 24. Ne1 Qg4 25. Qd1 Bxg3 26. hxg3 Qxg3+ 0-1

[Event "IV Weekend Magistrale"]
[Site "Vicenza ITA"]
[Date "2000.10.08"]
[Round "6"]
[White "Malfagia, Andrea"]
[Black "Danieli, Enrico"]
[WhiteElo "2244"]
[BlackElo "2096"]
[Result "1-0"]
[PlyCount "101"]
[EventDate "2000.09.30"]

1. e4 c6 2. d4 d5 3. e5 c5 4. dxc5 Nc6 5. Nf3 Bg4 6. Be2 e6 7. Bf4 Bxc5 8. O-O
Nge7 9. Nbd2 O-O 10. c3 Ng6 11. Bg3 Bb6 12. Qe1 Qb8 13. Bd3 Bc7 14. Bxg6 hxg6
15. Qe3 Bxf3 16. Nxf3 Ne7 17. Rfe1 Nf5 18. Qg5 Qd8 19. Qg4 Qe7 20. Rad1 Rac8
21. Bf4 Bb6 22. Qh3 Rc4 23. Bd2 Nh4 24. Ng5 f5 25. g3 Qxg5 26. Bxg5 Nf3+ 27.
Kf1 Nxg5 28. Qg2 f4 29. g4 f3 30. Qg3 Ne4 31. Rxe4 Rxe4 32. Rd3 Re2 33. Rxf3
Rxf3 34. Qxf3 Rxb2 35. Qh3 Rxf2+ 36. Ke1 Rxa2 37. g5 Kf7 38. Qh8 Ra1+ 39. Kd2
Ra2+ 40. Kd3 Rg2 41. Qc8 Rxh2 42. Qd7+ Kg8 43. Qxe6+ Kh7 44. Qxd5 Rh3+ 45. Kc4
Rh4+ 46. Kb3 Rh3 47. e6 Re3 48. Kb4 Re1 49. Qd7 Re5 50. Kc4 Rc5+ 51. Kd3 1-0

[Event "IV Weekend Magistrale"]
[Site "Vicenza ITA"]
[Date "2000.10.08"]
[Round "6"]
[White "Molina, Fabrizio"]
[Black "Vancini, Edoardo"]
[WhiteElo "2313"]
[BlackElo "2301"]
[Result "1/2-1/2"]
[PlyCount "82"]
[EventDate "2000.09.30"]

1. c4 c5 2. g3 Nf6 3. Bg2 d5 4. cxd5 Nxd5 5. Nc3 Nc7 6. a3 e5 7. b4 Nc6 8. Nf3
f6 9. bxc5 Bxc5 10. O-O O-O 11. Bb2 a6 12. e3 Be6 13. d4 exd4 14. Na4 Ba7 15.
exd4 Nb5 16. Nc5 Bc4 17. Re1 Ncxd4 18. Nxd4 Bxc5 19. Qc2 Bxd4 20. Qxc4+ Kh8 21.
Rad1 Bxb2 22. Rxd8 Raxd8 23. a4 Rc8 24. Qb3 Bc3 25. Rd1 Nd4 26. Qxb7 a5 27. Rb1
f5 28. Bf1 f4 29. gxf4 Rce8 30. Rc1 Bb4 31. Qd7 Rd8 32. Qg4 Rd6 33. Bd3 Ne6 34.
Bf5 Nd4 35. Be4 Rdf6 36. f5 Nxf5 37. Rc7 Rg6 38. Bxf5 Rxg4+ 39. Bxg4 Re8 40.
Kg2 Rf8 41. Rc2 Re8 1/2-1/2

[Event "IV Weekend Magistrale"]
[Site "Vicenza ITA"]
[Date "2000.10.08"]
[Round "6"]
[White "Navarro, Emanuele"]
[Black "Vianello, Enrico"]
[WhiteElo "1879"]
[BlackElo "1915"]
[Result "1-0"]
[PlyCount "69"]
[EventDate "2000.09.30"]

1. d4 d5 2. Nf3 Nf6 3. c3 g6 4. Bg5 Bg7 5. e3 c5 6. Bd3 b6 7. Nbd2 Bb7 8. Ne5
Nfd7 9. f4 Nc6 10. Qf3 Qc7 11. Qh3 f6 12. Nxc6 Bxc6 13. Bh6 Bxh6 14. Qxh6 O-O-O
15. O-O e6 16. a4 Rdg8 17. b4 c4 18. Bc2 g5 19. b5 Bb7 20. fxg5 Rxg5 21. Rxf6
Rhg8 22. Rf2 e5 23. Bf5 Kb8 24. Raf1 e4 25. Bh3 Bc8 26. Rf7 Qd8 27. R1f2 R5g6
28. Qf4+ Ka8 29. Nf1 R6g7 30. Qd6 Qg5 31. Qc6+ Kb8 32. Rf8 Rxf8 33. Rxf8 Qxg2+
34. Bxg2 Nxf8 35. Qd6+ 1-0

[Event "IV Weekend Magistrale"]
[Site "Vicenza ITA"]
[Date "2000.10.08"]
[Round "6"]
[White "Renier, Renzo"]
[Black "Carli, Carlo"]
[WhiteElo "1929"]
[BlackElo "2117"]
[Result "1/2-1/2"]
[PlyCount "106"]
[EventDate "2000.09.30"]

1. e4 c5 2. Nf3 e6 3. d4 cxd4 4. Nxd4 Nc6 5. Nb5 d6 6. Bf4 e5 7. Be3 Nf6 8.
N5c3 Be6 9. Bg5 Qb6 10. Bxf6 gxf6 11. Na3 a6 12. Rb1 Qb4 13. Qd2 Rg8 14. f3
O-O-O 15. Nd5 Qxd2+ 16. Kxd2 Bxd5 17. exd5 Ne7 18. c4 f5 19. g3 h5 20. Be2 f4
21. gxf4 Bh6 22. Rbg1 Bxf4+ 23. Kd3 h4 24. Rg4 Nf5 25. Nc2 Rxg4 26. fxg4 Nh6
27. h3 Kd7 28. Ne3 Ke7 29. Rg1 Rg8 30. Ke4 Bxe3 31. Kxe3 Nf5+ 32. Kf2 Ng3 33.
Bd3 e4 34. Re1 Kf6 35. Bxe4 Re8 36. Bd3 Rxe1 37. Kxe1 Ke5 38. b3 Kd4 39. Kd2 f6
40. Kc2 a5 41. Kd2 b6 42. Kc2 Nh1 43. Kd2 Nf2 44. Bf1 Ne4+ 45. Kc2 Ke3 46. a3
Ng5 47. b4 axb4 48. axb4 Kf2 49. Bd3 Nxh3 50. c5 dxc5 51. bxc5 bxc5 52. d6 Nf4
53. Bc4 h3 1/2-1/2